| 000 | 01050nam a22002657a 4500 | ||
|---|---|---|---|
| 001 | BD-DhSAU 9278 | ||
| 003 | BD-DhSAU | ||
| 005 | 20260209102357.0 | ||
| 008 | 150613b2018 bg a|||| m||| 00| 0 eng d | ||
| 040 | _aBD-DhSAU | ||
| 082 |
_222 _a574.192 _bT1569 |
||
| 100 |
_aPIAS, TANJINA _eRegistration # 22010129 |
||
| 245 |
_aAssessment of bioaccessible phenolics from maize based
beverages and their by-products /
_bMS thesis |
||
| 260 |
_aSher-e-Bangla Agricultural University : _bDepartment of Biochemistry and molecular biology, _c2024. |
||
| 300 |
_axi, 68p. : _bill. ; _c30 cm. |
||
| 500 | _aMS thesis of Department of Biochemistry and molecular biology, Faculty of Agriculture, Sher-e-Bangla Agricultural University, Dhaka, Bangladesh | ||
| 504 | _aIncludes bibliographical reference. | ||
| 590 | _aNazmul | ||
| 650 | _abioaccessible phenolics | ||
| 650 | _amaize based beverages | ||
| 700 |
_aProf. Dr. Ashrafi Hossain _eSuperviser |
||
| 700 |
_aProf. Dr. Jamilur Rahman _eCo-superviser |
||
| 942 |
_2ddc _cTHESIS |
||
| 999 |
_c18269 _d18268 |
||